História do Brasil: para o ensino secundário

Gorde:
Xehetasun bibliografikoak
Egile nagusia: Pombo, Rocha (Egilea)
Formatua: Liburua
Hizkuntza:portugesa
Argitaratua: Río de Janeiro Companhia Melhoramentos de Sao Paulo 1918
Edizioa:19a. ed
Gaiak:
Etiketak: Etiketa erantsi
Etiketarik gabe, Izan zaitez lehena erregistro honi etiketa jartzen!

MARC

LEADER 00000nam a2200000 a 4500
001 UCO3083
003 CL-VaPUC
008 000714e19180000BL |||||||||||||||||por|d
082 0 4 |a 981  |b POM  |2 21 
100 0 |a Pombo, Rocha  |e author  |9 446932 
245 1 0 |a História do Brasil: para o ensino secundário 
250 |a 19a. ed 
300 |a 317 p 
942 |c BK 
945 |d 20000714 00:00:00  |a rherrera 
260 |a Río de Janeiro  |b Companhia Melhoramentos de Sao Paulo  |c 1918 
650 7 |a HISTORIA DE BRASIL  |2 CL-VaPUC  |9 403010 
650 7 |a INDEPENDENCIA DE BRASIL  |2 CL-VaPUC  |9 446278 
650 7 |a DESCUBRIMIENTO DE AMERICA  |2 CL-VaPUC  |9 446933 
650 0 |a Periodo Colonial  |9 257430 
650 7 |a COLONIAS PORTUGUESAS  |2 CL-VaPUC  |9 444023 
650 7 |a SIGLOS 15-20  |2 CL-VaPUC  |9 373281 
651 0 |a Brasil  |9 267393 
583 |a last modification  |c 20000714 00:00:00  |k Rodrigo Vera 
999 |c 289554  |d 289552 
952 |0 0  |1 0  |4 0  |6 981_000000000000000_POM_1918  |7 0  |8 X  |9 338101  |a BIBHIS  |b BIBHIS  |d 2019-11-20  |i 1299077  |o 981 POM 1918  |p 1299077  |r 2024-01-30  |w 2019-11-20  |y BK_X  |k HIS